Tove Lo - Habits (Stay High) - Statistics

General Stats
  • This quiz has been taken 193 times
  • The average score is 277 of 351
Answer Stats
Lyric % Correct
I
99%
a
96%
my
96%
the
96%
to
96%
go
95%
you
95%
you,
95%
all
94%
All
94%
stay
94%
high
93%
High
93%
time
93%
mind
92%
Ooh
92%
ooh,
92%
ooh
92%
got
91%
in
91%
gotta
89%
Gotta
89%
keep
89%
off
89%
and
88%
And
88%
I'm
86%
Oh
84%
oh,
84%
oh
84%
Oh,
84%
You're
84%
get
81%
gone
81%
then
81%
it
79%
It
79%
on
79%
me
78%
eat
77%
dinner
76%
life
76%
s*x
74%
clubs
73%
forget
73%
make
73%
people
73%
bathtub,
72%
Watchin'
72%
missin'
71%
gettin'
70%
day
69%
tryna
69%
babe
67%
home,
67%
home
67%
up
67%
doesn't
66%
freaky
66%
Spend
66%
spend
66%
nervous,
65%
days
64%
down
64%
locked
64%
back
63%
play
63%
sleep
63%
haze,
61%
if
60%
no
60%
anything,
58%
restless
58%
money,
57%
I've
56%
can't
55%
fall
55%
munchies,
55%
where
54%
Throw
53%
Twinkies
53%
Yeah,
52%
again,
50%
alone
50%
lonely
50%
need
50%
numb
50%
pretend,
50%
someone
50%
been
49%
fun
49%
pain
49%
end
48%
tub,
48%
seen
47%
Staying
46%
staying
46%
ain't
45%
around
45%
binge
45%
kinda
45%
easy
40%
too
40%
at
39%
feel
38%
alive
37%
drank
37%
way
34%
fast
33%
how
33%
Pick
33%
playground,
33%
daddies
31%
greasy,
29%
'em
28%
dazed
26%
Loosen
22%
frown,
20%
their
12%
No matching quizzes found
Score Distribution
Percent of People with Each Score
Percentile by Number Answered
Your Score History
You have not taken this quiz